000 01040nam a2200229Ia 4500
001 L264-20333
003 IT-CnALBA
008 170116s9999||||xx |||||||||||||| ||und||
040 _aIT-CnALBA
_cIT-CnALBA
041 _aBILINGUE
100 _aSENZA AUTORE
245 0 _aMESSALE DELL'ASSEMBLEA CRISTIANA.
250 _a1a ed.
260 _aTORINO
_bELLE DI CI - LEUMANN
_c1966 [1° Ed.: n.d.]
300 _a2091 p.
500 _aCURATORE: L'ABBAZIA DI SANT'ANDREA DI BRUGES MESSE DEL TEMPO. FESTE DEL SIGNORE. DI MARIA V. PROPRIO DEI SANTI. COMUNE DEI SANTI. MESSE VOTIVE E DIVERSE. DEFUNTI. SACRAMENTI E SACRAMENTALI.
501 _aSocietà San Paolo EM - Piazza San Paolo, 14 - 12051 ALBA (CN) (non commercial uses only) ® Copyright 2017
520 _aCURATORE: L'ABBAZIA DI SANT'ANDREA DI BRUGES MESSE DEL TEMPO. FESTE DEL SIGNORE. DI MARIA V. PROPRIO DEI SANTI. COMUNE DEI SANTI. MESSE VOTIVE E DIVERSE. DEFUNTI. SACRAMENTI E SACRAMENTALI.
650 _aCULTO PUBBLICO LITURGIA
942 _cBK
957 _71
999 _a25072
_bNO
_g Copie: 1
_c279452
_d279452